| 000 | 00355nam a22001577a 4500 | ||
|---|---|---|---|
| 003 | SGT | ||
| 082 |
_a615.53 _bP15A |
||
| 100 | _aAACHARYA, SHREE RAM SHARMA | ||
| 245 | _aPRAGYOPNISHAD-38 | ||
| 250 | _a1st | ||
| 260 |
_aMATHURA _bAAKHAND JYOTI SANSTHAN _c2015 |
||
| 300 | _a344 | ||
| 650 | _aAYURVEDA | ||
| 653 | _aPRAGYA, OPNISHAD, | ||
| 942 |
_2ddc _cRARE |
||
| 999 |
_c25564 _d25564 |
||